000 01137cam a22003375a 4500
999 _c26290
_d26262
001 ocn298612262
003 EG-ScBUE
005 20210614115421.0
008 081230t2010 maua f b 001 0 eng d
020 _a9781439043431
020 _a1439043434
040 _aDLC
_cDLC
_erda
_beng
_dEG-ScBUE
082 0 4 _a004
_bMOR
_222
100 1 _aMorley, Deborah,
_eauthor.
245 1 0 _aUnderstanding computers :
_btoday and tomorrow /
_cDeborah Morley, Charles S. Parker.
250 _aTwelfth edition,
_bInternational student edition.
264 1 _aBoston, MA :
_bCourse Technology, Cengage Learning,
_c[2010]
264 4 _cc2010
300 _a1 volume (various pagings) :
_billustrations ;
_c28 cm
336 _2rdacontent
_atext
_btxt
337 _2rdamedia
_aunmediated
_bn
338 _2rdacarrier
_avolume
_bnc
504 _aIncludes bibliographical references and index.
650 7 _aComputers.
_2BUEsh
_91995
650 7 _aElectronic data processing.
_2BUEsh
_9964
651 _2BUEsh
653 _bGGEN
_bCOMSCI
_cMarch2018
655 _vReading book
_934232
700 1 _aParker, Charles S.,
_d1945-
_eauthor.
942 _2ddc
_cBB